Ostheimer's manual of obstetric anesthesia

Salvato in:
Dettagli Bibliografici
Natura: Libro
Lingua:Undetermined
Pubblicazione: New York Churchill Livingstone 2000
Soggetti:
Tags: Aggiungi Tag
Nessun Tag, puoi essere il primo ad aggiungerne! !
Thư viện lưu trữ: Trung tâm Học liệu Trường Đại học Cần Thơ
LEADER 00490nam a2200169Ia 4500
001 CTU_42209
008 210402s9999 xx 000 0 und d
020 |b 67.500đ 
082 |a 617.9 
082 |b O.85 
245 0 |a Ostheimer's manual of obstetric anesthesia 
260 |a New York 
260 |b Churchill Livingstone 
260 |c 2000 
650 |a anesthesia in obstetric - handbooks, manuals, etc 
904 |i Minh, 010712 
980 |a Trung tâm Học liệu Trường Đại học Cần Thơ